Famous Literature - Statistics

General Stats
  • This quiz has been taken 541 times
  • The average score is 6 of 10
Answer Stats
Hint Answer % Correct
Elizabeth, Mr. Darcy, and Mr. Wickham Pride and Prejudice
92%
Atticus, Jem, and Scout To Kill a Mockingbird
81%
Napoleon, Squealer, and Snowball Animal Farm
77%
Pip, Estella, and Ms. Havisham Great Expectations
74%
Marius, Cosette, and Prisoner #24601 Les Miserables
63%
Pompey, Cassius, and Brutus Julius Caesar
61%
Hester Prinn and Reverand Dimmsdale The Scarlet Letter
60%
Calypso, Telemachus, and Polyphemus The Odyssey
42%
Paul Baumer and his friends in WWI All Quiet on the Western Front
33%
Professor Pangloss and Conegonde Candide
18%
No matching quizzes found
Score Distribution
Percent of People with Each Score
Percentile by Number Answered
Your Score History
You have not taken this quiz